Radioastronomie /

Hlavní autor: Budějický, Jaromír, 1919-
Další autoři: Plavec, Miroslav, 1925-2008, Plavcová, Zdeňka
Jazyk: Čeština
Vydáno: Praha : ČSAV, 1962
Vydání: 1. vyd.
Edice: Práce ČSAV
Externí odkaz: Digitalizovaný dokument
Fyzický popis: 396, [3] s. ; 8°
Knihy
Uloženo v:
LEADER 01175nam a22003252a 4500
001 000912486
003 CZ BrMZK
005 20140430101005.0
007 ta
008 080916s1962 xr er|||||||||||cze d
015 |a cnb000518556 
035 |a (OCoLC)85338643 
040 |a ABA001  |b cze  |c LIA001  |d ABA001 
080 9 |a 522:621.396](021) 
100 1 |a Budějický, Jaromír,  |d 1919-  |7 jk01020127  |4 aut 
245 1 0 |a Radioastronomie /  |c Jaromír Budějický, Zdeňka Plavcová, Miroslav Plavec 
250 |a 1. vyd. 
260 |a Praha :  |b ČSAV,  |c 1962 
300 |a 396, [3] s. ;  |c 8° 
490 1 |a Práce ČSAV 
504 |a Obsahuje bibliografie 
500 |a Dostupné též v digitální podobě v aplikaci Kramerius 
700 1 |a Plavec, Miroslav,  |d 1925-2008  |7 jk01093380  |4 aut 
700 1 |a Plavcová, Zdeňka  |4 aut 
810 2 |a Československá akademie věd.  |t Práce  |0 s 
856 4 1 |u http://www.digitalniknihovna.cz/mzk/uuid/uuid:d5685fd0-54f8-11e8-afec-005056827e51  |y Digitalizovaný dokument  |x NDK 
910 |a BOA001  |b 2-0470.435 
990 |a BK 
991 |b 200809 
996 6 |b 2619255122  |c 2-0470.435  |l MZK  |r Sklad / do 24 hodin  |n 4  |w 000912486  |u 000010  |a 1  |e BOA001  |j MZK50  |s P